| 000 | 01131cam a2200313 a 4500 | ||
|---|---|---|---|
| 001 | 2631730 | ||
| 003 | NUST-PNEC | ||
| 005 | 20170116180734.0 | ||
| 008 | 990125s1999 inu 001 0 eng | ||
| 010 | _a 99060531 | ||
| 020 | _a0764504215 (pbk.) | ||
| 040 |
_aDLC _cPNEC |
||
| 050 | 0 | 0 |
_aQA76.76.O63 _bW59 1999 |
| 082 | 0 | 0 |
_a005.4469 HAL _221 |
| 100 | 1 |
_aHall, Jon, _d1963- |
|
| 245 | 1 | 0 |
_aLinux for dummies / _cby Jon "maddog" Hall. |
| 250 | _a2nd ed. | ||
| 260 |
_aIndianapolis, IN : _bIDG Books Worldwide, Inc., _c1999. |
||
| 300 |
_axxii, 360 p. ; _c24 cm. |
||
| 500 | _aPrev. ed. by Craig Witherspoon. | ||
| 500 | _aIncludes index. | ||
| 630 | 0 | 0 | _aLinux. |
| 650 | _xMIS, Computer | ||
| 856 | _uhttp://www.amazon.com/Linux-Dummies-2nd-Jon-Hall/dp/0764504215/ref=sr_1_1?s=books&ie=UTF8&qid=1416468428&sr=1-1&keywords=0764504215 | ||
| 906 |
_a7 _bcbc _corignew _d2 _eopcn _f19 _gy-gencatlg |
||
| 942 |
_2ddc _cBK |
||
| 999 |
_c61882 _d61882 |
||